Statistics for Presidents of the LDS Church

Click here to take the quiz!

General Stats

  • This quiz has been taken 61 times
  • The average score is 16 of 17

Answer Stats

Years as PresidentHintAnswer% Correct
1832-1844Saw the First Vision, translated the Book of MormonJoseph Smith, Jr.
100%
1847-1877"The American Moses"Brigham Young
100%
2008-2018Served in the US Navy in WWIIThomas S. Monson
100%
1995-2008Missionary in Great BritainGordon B. Hinckley
100%
1985-1994US Secretary of AgricultureEzra Taft Benson
100%
1973-1985"The Miracle of Forgiveness"Spencer W. Kimball
100%
1951-1970"True happiness comes from making others happy."David O. McKay
100%
2018-Heart surgeonRussell M. Nelson
100%
1918-1945"We are the architects of our own lives...here....and in eternity"Heber J. Grant
90%
1970-1972"Doctrines of Salvation"Joseph Fielding Smith
90%
1972-1973Initiated Church Welfare System (as a stake president in 1940's)Harold B. Lee
90%
1901-1918Hyrum Smith's son, Joseph Smith Jr's nephewJoseph F. Smith
90%
1898-1901"Be better today than you were yesterday."Lorenzo Snow
90%
1994-1995California lawyerHoward W. Hunter
90%
1887-1898Dedicated Salt Lake and Manti templesWilford Woodruff
90%
1945-1951Organized Church assistance to post-WWII EuropeGeorge Albert Smith
80%
1880-1887Wounded in Carthage with JosephJohn Taylor
80%

Score Distribution

Percentile by Number Answered

Percent of People with Each Score

Your Score History

You have not taken this quiz